Erfordern fiktionale Texte eine fiktionale Semantik?
Elmentve itt :
| Szerző: | |
|---|---|
| Dokumentumtípus: | Könyv része |
| Megjelent: |
1997
|
| Sorozat: | Studia poetica
10 Literaturwissenschaft als Wissenschaft über Fiktionalität : [az 1996. febr. 15-16-án Szegeden, Kanyó Zoltán emlékére rendezett konferencia szerkesztett anyaga] 10 |
| Kulcsszavak: | Műfaj - irodalmi - elbeszélés, Strukturalizmus - irodalmi - próza, Irodalomelmélet, Szövegmagyarázat - irodalmi, Szövegelemzés - strukturalista - próza |
| Tárgyszavak: | |
| Online Access: | http://acta.bibl.u-szeged.hu/17217 |
| LEADER | 01007naa a2200217 i 4500 | ||
|---|---|---|---|
| 001 | acta17217 | ||
| 005 | 20220117144651.0 | ||
| 008 | 161015s1997 hu o 0|| ger d | ||
| 022 | |a 0209-9403 | ||
| 040 | |a SZTE Egyetemi Kiadványok Repozitórium |b hun | ||
| 041 | |a ger | ||
| 100 | 1 | |a Scholz Collin | |
| 245 | 1 | 0 | |a Erfordern fiktionale Texte eine fiktionale Semantik? |h [elektronikus dokumentum] / |c Scholz Collin |
| 260 | |c 1997 | ||
| 300 | |a 63-91 | ||
| 490 | 0 | |a Studia poetica |v 10 | |
| 490 | 0 | |a Literaturwissenschaft als Wissenschaft über Fiktionalität : [az 1996. febr. 15-16-án Szegeden, Kanyó Zoltán emlékére rendezett konferencia szerkesztett anyaga] |v 10 | |
| 650 | 4 | |a Bölcsészettudományok | |
| 650 | 4 | |a Nyelvek és irodalom | |
| 695 | |a Műfaj - irodalmi - elbeszélés, Strukturalizmus - irodalmi - próza, Irodalomelmélet, Szövegmagyarázat - irodalmi, Szövegelemzés - strukturalista - próza | ||
| 856 | 4 | 0 | |u http://acta.bibl.u-szeged.hu/17217/1/studia_poetica_010_063-091.pdf |z Dokumentum-elérés |